000 00315nam a22001337a 4500
020 _a0-87392-104-6
082 _a001
_bPOD/P
100 _aPODENDORF, ILLA
245 _aPLANT AND ANIMAL WAYS
260 _aUNITED STATES
_bCHILD HORIZONS
_c1974
300 _a189
650 _aENCYCLOPEDIA SCIENCE
_zINDIA
942 _cBK
999 _c1766
_d1766